[Event "Chess Festival Groningen 2019 A"]
[Site "Groningen , Netherlands"]
[Date "2019.12.21"]
[Round "1"]
[White "Berndt, Matthias"]
[Black "Kumar, Nikhil"]
[Result "0-1"]
[WhiteElo "2065"]
[BlackElo "2315"]
[PlyCount "64"]
[EventDate "2019.12.??"]

1. e4 c6 2. d3 d5 3. Nd2 e5 4. Ngf3 Bd6 5. d4 exd4 6. Nxd4 Ne7 7. exd5 cxd5 8.
Bd3 Nbc6 9. N2f3 Bg4 10. Be3 Qd7 11. h3 Bh5 12. c3 Bg6 13. Bxg6 Nxg6 14. Qa4
O-O 15. O-O Rfe8 16. Nb5 Re4 17. Qc2 Bf4 18. Rad1 Rae8 19. Bxf4 Nxf4 20. Ng5 f5
21. Nxe4 fxe4 22. Rfe1 Qf7 23. Re3 Ne5 24. Rg3 Rf8 25. Rf1 h5 26. Nd6 Qf6 27.
Nxe4 Qf5 28. Rc1 h4 29. Re3 Qg6 30. g3 dxe4 31. Qxe4 Qxe4 32. Rxe4 Nf3+ 0-1

[Event "Chess Festival Groningen 2019 A"]
[Site "Groningen , Netherlands"]
[Date "2019.12.21"]
[Round "1"]
[White "Danada, Tomas"]
[Black "Ananya Rishi Gupta"]
[Result "1-0"]
[WhiteElo "2271"]
[BlackElo "2037"]
[PlyCount "101"]
[EventDate "2019.12.??"]

1. d4 d5 2. c4 c6 3. Nf3 Nf6 4. Nc3 dxc4 5. a4 Bf5 6. Nh4 e6 7. Nxf5 exf5 8.
Bg5 Be7 9. e3 h6 10. Bh4 Nd5 11. Bxe7 Qxe7 12. Bxc4 Nxc3 13. bxc3 f4 14. O-O
fxe3 15. Re1 O-O 16. Rxe3 Qd6 17. Qb3 Nd7 18. Qxb7 Rfb8 19. Qa6 Rb6 20. Qa5 c5
21. Rf3 Qg6 22. Bxf7+ Qxf7 23. Rxf7 Kxf7 24. dxc5 Rc6 25. Rd1 Nxc5 26. h3 a6
27. Rd8 Ra7 28. Qb4 Ne6 29. Rh8 Rac7 30. f4 Rc4 31. Qd6 R4c6 32. Qd5 Rc5 33.
Qa8 Rf5 34. Rc8 Rxf4 35. Rxc7+ Nxc7 36. Qc6 Ne6 37. Qxa6 Ke7 38. a5 Ra4 39.
Qb7+ Kd6 40. a6 Nc7 41. a7 Rc4 42. a8=Q Nxa8 43. Qxa8 Rxc3 44. Qf8+ Kd5 45.
Qxg7 Rc6 46. Kh2 Re6 47. Kg3 Ke4 48. Kg4 Kd5 49. Kf5 Re2 50. g4 Re6 51. Qg8 1-0

[Event "Chess Festival Groningen 2019 A"]
[Site "Groningen , Netherlands"]
[Date "2019.12.21"]
[Round "1"]
[White "Davtyan, Artur"]
[Black "Rut, Vojtech"]
[Result "1-0"]
[WhiteElo "2437"]
[BlackElo "2119"]
[PlyCount "25"]
[EventDate "2019.12.??"]

1. d4 e6 2. c4 f5 3. Nc3 Nf6 4. Bf4 b6 5. a3 Bb7 6. d5 Bd6 7. Bxd6 cxd6 8. e3
Na6 9. Nf3 Nc5 10. Be2 Nce4 11. O-O O-O 12. Nd4 a5 13. Nc2 1-0

[Event "Chess Festival Groningen 2019 A"]
[Site "Groningen , Netherlands"]
[Date "2019.12.21"]
[Round "1"]
[White "De Jong, Migchiel"]
[Black "Theulings, Paul-Peter"]
[Result "1-0"]
[WhiteElo "2326"]
[BlackElo "2070"]
[PlyCount "154"]
[EventDate "2019.12.??"]

1. Nf3 Nf6 2. c4 b6 3. g3 Bb7 4. Bg2 e6 5. d4 Be7 6. O-O d5 7. Nc3 O-O 8. Ne5
Na6 9. Bf4 c5 10. cxd5 exd5 11. Rc1 Ne4 12. a3 Nxc3 13. Rxc3 Bf6 14. h4 cxd4
15. Nc6 Qd7 16. Nxd4 Rac8 17. Rxc8 Rxc8 18. e3 Nc5 19. Bf3 Ne6 20. Nxe6 fxe6
21. Qe2 Qc6 22. Rd1 Qc4 23. Qxc4 Rxc4 24. Rd2 Kf7 25. Bb8 a6 26. Kg2 b5 27. Ba7
Ke7 28. b4 Bc6 29. Bc5+ Kf7 30. Rd3 a5 31. Bd6 axb4 32. axb4 Bc3 33. Bh5+ g6
34. Be2 Bxb4 35. Be5 Rc2 36. Bf3 Be1 37. Kf1 Bxf2 38. Bd1 Bxg3 39. Bxg3 Rc4 40.
Rd4 Kf6 41. Rf4+ Rxf4+ 42. Bxf4 e5 43. Bg5+ Kf5 44. Bc2+ Kg4 45. Kf2 b4 46. Bf6
Bb5 47. Bxe5 Kxh4 48. Bd6 Kg5 49. Be7+ Kg4 50. Bxb4 Bc4 51. Be7 Bb5 52. Bf6 Bc4
53. Bd4 Bb5 54. Bb3 Bc6 55. Bd1+ Kf5 56. Bf3 g5 57. Kg3 h6 58. Bd1 Be8 59. Bc2+
Ke6 60. Kg4 Kf7 61. Kh5 Ke6+ 62. Kxh6 g4 63. Kg5 g3 64. Bf5+ Kd6 65. Bh3 Bc6
66. Kf4 Bb7 67. Kxg3 Ba6 68. Kf4 Bd3 69. Bf5 Bc4 70. Bg7 Bf1 71. Bf8+ Kc6 72.
Bg4 Bd3 73. Bf3 Bc4 74. Ke5 Bb3 75. Bh5 Ba2 76. Be8+ Kc7 77. Bf7 Kc6 1-0

[Event "Chess Festival Groningen 2019 A"]
[Site "Groningen , Netherlands"]
[Date "2019.12.21"]
[Round "1"]
[White "Elgersma, Onno"]
[Black "Boersma, Jan"]
[Result "1-0"]
[WhiteElo "2319"]
[BlackElo "2069"]
[PlyCount "115"]
[EventDate "2019.12.??"]

1. Nf3 Nf6 2. d4 g6 3. Nbd2 Bg7 4. e4 d6 5. Bb5+ c6 6. Bd3 O-O 7. O-O c5 8. c3
Nc6 9. d5 Nb8 10. a4 e6 11. c4 Na6 12. a5 Re8 13. h3 Nb4 14. Bb1 Bd7 15. Ne1
Qe7 16. Nd3 Nxd3 17. Bxd3 Nh5 18. Nf3 e5 19. Re1 Qf8 20. Bd2 Bh6 21. b4 Bxd2
22. Qxd2 Rac8 23. Rab1 cxb4 24. Rxb4 Rc7 25. Qe3 Nf4 26. Bf1 a6 27. Rb6 Bc8 28.
Qa3 Rd8 29. Nd2 Qe7 30. Kh2 Kg7 31. g3 Nh5 32. Qe3 Nf6 33. f4 Nd7 34. Rbb1 Nc5
35. fxe5 dxe5 36. Nf3 Rd6 37. Qa3 f6 38. Rb6 Rxb6 39. axb6 Rd7 40. Qb4 Qd6 41.
Nd2 Nxe4 42. c5 Nxc5 43. Rc1 Qxd5 44. Bg2 Qxd2 45. Qxc5 Rd3 46. Qxc8 Rxg3 47.
Rc7+ Kh6 48. Qxb7 Qf4 49. Rxh7+ Kg5 50. h4+ Kg4 51. Qd7+ f5 52. Qd1+ Rf3+ 53.
Kh1 e4 54. b7 Kg3 55. Bxf3 exf3 56. Qg1+ Kh3 57. Qf1+ Kg3 58. Rh8 1-0

[Event "Chess Festival Groningen 2019 A"]
[Site "Groningen , Netherlands"]
[Date "2019.12.21"]
[Round "1"]
[White "Haan, Gertjan"]
[Black "Varshini, V."]
[Result "0-1"]
[WhiteElo "1936"]
[BlackElo "2227"]
[PlyCount "70"]
[EventDate "2019.12.??"]

1. d4 d5 2. c4 e6 3. Nf3 Nf6 4. Nc3 Be7 5. Bf4 O-O 6. e3 c5 7. dxc5 Bxc5 8. a3
Nc6 9. Qc2 Bd6 10. Bxd6 Qxd6 11. Rd1 Rd8 12. Be2 Qe7 13. cxd5 exd5 14. O-O Be6
15. Rd2 Rac8 16. Rfd1 Na5 17. Qa4 Qc7 18. Rd4 a6 19. Rh4 Nc4 20. Bxc4 dxc4 21.
h3 Qb6 22. Rxd8+ Rxd8 23. Qc2 Qc5 24. Nd4 Bd7 25. Ne4 Nxe4 26. Qxe4 g6 27. Qxb7
Bc8 28. Qe4 h5 29. Nc6 Rd1+ 30. Kh2 Qd6+ 31. g3 Bb7 32. Qe8+ Kg7 33. Rxc4 Qd5
34. e4 Qxc4 35. Qe5+ Kh7 0-1

[Event "Chess Festival Groningen 2019 A"]
[Site "Groningen , Netherlands"]
[Date "2019.12.21"]
[Round "1"]
[White "Harshini A"]
[Black "Kollen, Zyon"]
[Result "0-1"]
[WhiteElo "2076"]
[BlackElo "2347"]
[PlyCount "126"]
[EventDate "2019.12.??"]

1. e4 e6 2. d4 d5 3. Nc3 Bb4 4. e5 c5 5. a3 Bxc3+ 6. bxc3 Ne7 7. Qg4 Kf8 8. Bd3
Qa5 9. Bd2 Qa4 10. c4 Nbc6 11. Nf3 cxd4 12. O-O dxc4 13. Nxd4 Nxe5 14. Qe4 f6
15. f4 Nxd3 16. cxd3 Kf7 17. Bb4 Nc6 18. Rac1 a5 19. Bc5 Nxd4 20. Rxc4 Qd7 21.
Bxd4 b5 22. Qxa8 bxc4 23. Bc3 cxd3 24. Bxa5 Qd4+ 25. Kh1 Re8 26. Qf3 Qc5 27.
Bb4 Qd5 28. Qxd5 exd5 29. Re1 Rd8 30. Kg1 Bf5 31. Re7+ Kg6 32. Kf2 Rc8 33. Bd2
Rc2 34. Ke1 Ra2 35. Ra7 Ra1+ 36. Kf2 h5 37. h4 Be4 38. Ra4 Ra2 39. Ke3 Bxg2 40.
Kxd3 Be4+ 41. Ke3 Kf5 42. Ra7 d4+ 43. Ke2 Bc6 44. Rxg7 Bb5+ 45. Kd1 Rxa3 46.
Rh7 Ke4 47. Rxh5 Ra4 48. Kc2 Ra2+ 49. Kc1 Kd3 50. Rxb5 Rc2+ 51. Kb1 Rxd2 52.
Rf5 Rh2 53. Rxf6 Kd2 54. Rh6 d3 55. f5 Ke1 56. Re6+ Re2 57. Rg6 Re5 58. f6 d2
59. Rg1+ Kf2 60. Rd1 Ke2 61. f7 Rb5+ 62. Kc2 Rc5+ 63. Kb2 Rc8 0-1

[Event "Chess Festival Groningen 2019 A"]
[Site "Groningen , Netherlands"]
[Date "2019.12.21"]
[Round "1"]
[White "Hilverda, Alexander"]
[Black "Van Os, Jan"]
[Result "1-0"]
[WhiteElo "2294"]
[BlackElo "2046"]
[PlyCount "69"]
[EventDate "2019.12.??"]

1. d4 d5 2. c4 e6 3. Nf3 Nf6 4. g3 dxc4 5. Bg2 c6 6. Ne5 Nbd7 7. Nxc4 Be7 8.
O-O O-O 9. e4 Re8 10. Nc3 b5 11. Ne3 Bb7 12. e5 Nd5 13. Ncxd5 cxd5 14. f4 Rc8
15. f5 Bg5 16. h4 Bxe3+ 17. Bxe3 exf5 18. Rxf5 Nf8 19. Qb3 a6 20. Raf1 Rc7 21.
Bg5 Qa8 22. Qf3 Ne6 23. Rxf7 Nxd4 24. Qf2 Rxf7 25. Qxf7+ Kh8 26. Be7 h6 27. Bh3
Rg8 28. Rf6 Kh7 29. Bc5 Ne2+ 30. Kf2 Bc8 31. e6 Nxg3 32. Kxg3 Qb8+ 33. Kf3 Qe5
34. Bf5+ Kh8 35. Rxh6+ 1-0

[Event "Chess Festival Groningen 2019 A"]
[Site "Groningen , Netherlands"]
[Date "2019.12.21"]
[Round "1"]
[White "Hilwerda, Jonas"]
[Black "Gijsen, William"]
[Result "1-0"]
[WhiteElo "2228"]
[BlackElo "1948"]
[PlyCount "87"]
[EventDate "2019.12.??"]

1. e4 c5 2. Nf3 d6 3. d4 cxd4 4. Nxd4 Nf6 5. Nc3 a6 6. h3 e5 7. Nb3 h5 8. Bg5
Be6 9. Be2 Nbd7 10. Qd2 Be7 11. O-O b5 12. a3 Rc8 13. f4 Rxc3 14. Bxf6 Nxf6 15.
Qxc3 Qb6+ 16. Kh1 Nxe4 17. Qf3 d5 18. fxe5 Bh4 19. Bd3 Ng3+ 20. Kh2 Nxf1+ 21.
Rxf1 g6 22. c3 Be7 23. Nd4 O-O 24. Qe3 Kh7 25. Qf3 Kg7 26. Qg3 Kh7 27. Qf4 Kg7
28. Rf3 Rh8 29. Qe3 Kg8 30. Nf5 Qxe3 31. Nxe7+ Kf8 32. Nxg6+ Kg7 33. Rxe3 fxg6
34. Rf3 g5 35. Rf6 Rh6 36. Rxh6 Kxh6 37. Kg3 h4+ 38. Kf3 Kg7 39. Ke3 Kf7 40.
Kd4 Ke7 41. Be2 Kd7 42. Bg4 a5 43. Bxe6+ Kxe6 44. b3 1-0

[Event "Chess Festival Groningen 2019 A"]
[Site "Groningen , Netherlands"]
[Date "2019.12.21"]
[Round "1"]
[White "Maatman, Nick"]
[Black "Pienabarca, Nicola"]
[Result "1-0"]
[WhiteElo "2400"]
[BlackElo "2077"]
[PlyCount "45"]
[EventDate "2019.12.??"]

1. d4 Nf6 2. c4 e6 3. Nf3 c5 4. d5 exd5 5. cxd5 d6 6. e4 g6 7. h3 Bg7 8. Bd3
O-O 9. O-O b5 10. Bxb5 Nxe4 11. Re1 Qb6 12. a4 Nf6 13. Nc3 a6 14. Bc4 Nbd7 15.
Ra3 Qd8 16. Bf4 Nb6 17. Ba2 Bb7 18. a5 Nc8 19. Bc4 Ne7 20. Qd2 Nf5 21. Na4 Qc7
22. Nb6 Rae8 23. Rd1 1-0

[Event "Chess Festival Groningen 2019 A"]
[Site "Groningen , Netherlands"]
[Date "2019.12.21"]
[Round "1"]
[White "Markus, John Raymond"]
[Black "Zhou, Guijue"]
[Result "0-1"]
[WhiteElo "1996"]
[BlackElo "2238"]
[PlyCount "68"]
[EventDate "2019.12.??"]

1. g3 f5 2. d3 Nf6 3. a3 e5 4. Bg2 d5 5. b4 a5 6. bxa5 Rxa5 7. Nd2 Bd6 8. c4 c6
9. Qc2 O-O 10. Nb3 Ra6 11. Nf3 Kh8 12. O-O Be6 13. c5 Bc7 14. Bb2 Nbd7 15. e3
Qe8 16. Nfd2 Qg6 17. Rae1 Ng4 18. e4 f4 19. d4 Qh6 20. h3 fxg3 21. fxg3 Ne3 22.
Rxf8+ Nxf8 23. Qd3 Nxg2 24. Kxg2 Qxh3+ 25. Kg1 Ng6 26. Re3 Ra8 27. Qf1 Qh5 28.
Qf3 Qg5 29. Re1 Rf8 30. Qg2 Qg4 31. Kh2 dxe4 32. Rxe4 Qh5+ 33. Kg1 Qd1+ 34. Kh2
Bxb3 0-1

[Event "Chess Festival Groningen 2019 A"]
[Site "Groningen , Netherlands"]
[Date "2019.12.21"]
[Round "1"]
[White "Nicolai, Amir"]
[Black "Pacher, Milan"]
[Result "0-1"]
[WhiteElo "2108"]
[BlackElo "2427"]
[PlyCount "62"]
[EventDate "2019.12.??"]

1. c4 b6 2. e4 Bb7 3. Nc3 e6 4. d4 Bb4 5. Qc2 Ne7 6. Nf3 Bxc3+ 7. bxc3 d6 8.
Bd3 Nd7 9. O-O h6 10. Ne1 O-O 11. f4 f5 12. Qe2 Nf6 13. exf5 exf5 14. Bxf5 Nxf5
15. Qe6+ Rf7 16. Qxf5 Ba6 17. Rf3 Bxc4 18. g4 Nd5 19. Qh5 Qe8 20. Bd2 Qe4 21.
f5 Nf6 22. Qg6 Bd5 23. h3 Kf8 24. Bxh6 gxh6 25. Qxh6+ Kg8 26. g5 Rg7 27. Kf2
Nh7 28. g6 Nf6 29. Rf4 Qh1 30. Rh4 Qh2+ 31. Kf1 Bc4+ 0-1

[Event "Chess Festival Groningen 2019 A"]
[Site "Groningen , Netherlands"]
[Date "2019.12.21"]
[Round "1"]
[White "Shakhverdian, William"]
[Black "Lubbe, Melanie"]
[Result "0-1"]
[WhiteElo "2039"]
[BlackElo "2279"]
[PlyCount "82"]
[EventDate "2019.12.??"]

1. d4 d6 2. c4 e5 3. dxe5 dxe5 4. Qxd8+ Kxd8 5. Nf3 Nc6 6. Nc3 Be6 7. e3 f6 8.
Be2 a5 9. O-O Nh6 10. Bd2 a4 11. Rfd1 Kc8 12. Nd5 Nf5 13. Be1 Bc5 14. Nd2 Nd6
15. Rab1 Rd8 16. b4 axb3 17. Nxb3 Ba3 18. c5 Nf7 19. Bc4 Bf5 20. Bd3 e4 21. Bb5
Nfe5 22. Na5 Rxd5 23. Rxd5 Nxa5 24. Rbd1 b6 25. cxb6 cxb6 26. Bc3 Be6 27. Rd8+
Kb7 28. Rxa8 Kxa8 29. Rd4 Bc5 30. Ra4 Kb7 31. Bxa5 bxa5 32. Rxa5 Bb6 33. Ra4 f5
34. Ra6 Nd3 35. Ra3 Nc5 36. Rc3 Bxa2 37. h4 Bd5 38. Rc1 Kc7 39. Rd1 Bb3 40. Rd2
Ba5 41. Re2 Nd3 0-1

[Event "Chess Festival Groningen 2019 A"]
[Site "Groningen , Netherlands"]
[Date "2019.12.21"]
[Round "1"]
[White "Sodoma, Jan"]
[Black "Zwirs, Jasper"]
[Result "1-0"]
[WhiteElo "2312"]
[BlackElo "2062"]
[PlyCount "63"]
[EventDate "2019.12.??"]

1. Nf3 Nf6 2. c4 c6 3. d4 d5 4. e3 e6 5. Nbd2 Nbd7 6. Bd3 Bd6 7. O-O O-O 8. e4
dxe4 9. Nxe4 Nxe4 10. Bxe4 h6 11. Bc2 Re8 12. Qd3 Nf8 13. b3 b6 14. Bb2 Bb7 15.
Rad1 Qc7 16. Qc3 f6 17. c5 Be7 18. b4 a5 19. a3 bxc5 20. dxc5 Ba6 21. Rfe1 e5
22. Nh4 Bc8 23. f4 Bg4 24. fxe5 Bxd1 25. Bxd1 fxe5 26. Qb3+ Kh8 27. Qc4 Nd7 28.
Ng6+ Kh7 29. Qe4 Nf6 30. Nf8+ Kh8 31. Qh7+ Nxh7 32. Ng6+ 1-0

[Event "Chess Festival Groningen 2019 A"]
[Site "Groningen , Netherlands"]
[Date "2019.12.21"]
[Round "1"]
[White "Van Dael, Siem"]
[Black "Albers, Sasa"]
[Result "0-1"]
[WhiteElo "2255"]
[BlackElo "1997"]
[PlyCount "62"]
[EventDate "2019.12.??"]

1. e4 c6 2. d4 d5 3. Nd2 dxe4 4. Nxe4 Nd7 5. Bc4 Ngf6 6. Ng5 e6 7. Qe2 Nb6 8.
Bd3 Be7 9. N1f3 O-O 10. h4 h6 11. Ne4 Nbd5 12. Bd2 Nxe4 13. Qxe4 Nf6 14. Qe2 b6
15. O-O-O Bb7 16. g4 Nxg4 17. Rdg1 h5 18. Qe4 g6 19. Rxg4 hxg4 20. Qxg4 c5 21.
Bh6 Bxf3 22. Qxf3 Bxh4 23. Rg1 Qf6 24. Qh5 Bxf2 25. Rg2 Bxd4 26. c3 c4 27. Bg5
Be3+ 28. Bxe3 cxd3 29. Kd2 Rfd8 30. Bg5 Qf2+ 31. Rxf2 gxh5 0-1

[Event "Chess Festival Groningen 2019 A"]
[Site "Groningen , Netherlands"]
[Date "2019.12.21"]
[Round "1"]
[White "Van Hoorn, Geert"]
[Black "Simet, Martin"]
[Result "1-0"]
[WhiteElo "2032"]
[BlackElo "2257"]
[PlyCount "54"]
[EventDate "2019.12.??"]

1. e4 d6 2. Nc3 Nf6 3. f4 e5 4. Nf3 exf4 5. d4 h6 6. Bxf4 g5 7. Be3 Bg7 8. Bc4
Nxe4 9. Bxf7+ Kxf7 10. Nxe4 g4 11. O-O Kg8 12. d5 gxf3 13. Qxf3 Rh7 14. Qf7+
Kh8 15. Qg6 Nd7 16. Bg5 Qg8 17. Be3 Ne5 18. Qh5 Bg4 19. Qh4 Bf3 20. gxf3 Bf6+
21. Qg3 Rg7 22. Nxf6 Rxg3+ 23. hxg3 Qxg3+ 24. Kh1 Qh4+ 25. Kg2 Qxf6 26. Bxh6
Rg8+ 27. Kf2 Ng4+ 1-0

[Event "Chess Festival Groningen 2019 A"]
[Site "Groningen , Netherlands"]
[Date "2019.12.21"]
[Round "1"]
[White "Van Randtwijk, Mick"]
[Black "Kolbus, Dietmar"]
[Result "1/2-1/2"]
[WhiteElo "2047"]
[BlackElo "2294"]
[PlyCount "110"]
[EventDate "2019.12.??"]

1. e4 c5 2. Nf3 a6 3. Nc3 d6 4. g3 Bg4 5. Bg2 Nc6 6. h3 Bxf3 7. Bxf3 g6 8. O-O
Bg7 9. d3 e6 10. Be3 Nge7 11. Qd2 O-O 12. Ne2 Nd4 13. Bg2 Nxe2+ 14. Qxe2 Qd7
15. c3 Rac8 16. f4 f5 17. Rad1 d5 18. Bf2 Rfe8 19. Rfe1 d4 20. Qc2 fxe4 21.
Rxe4 Nd5 22. cxd4 cxd4 23. Qe2 Nb4 24. a3 Rc2 25. Rd2 Rc1+ 26. Rd1 Rc2 27. Rd2
Rc1+ 28. Kh2 Nc6 29. Rc2 Rxc2 30. Qxc2 Bf6 31. h4 e5 32. fxe5 Bxe5 33. Re1 Kg7
34. Qc5 Bf6 35. Rxe8 Qxe8 36. Qb6 Qd7 37. Bxc6 Qxc6 38. Qxc6 bxc6 39. Kg2 Kf7
40. Kf3 Ke6 41. Ke4 h5 42. Bxd4 Bd8 43. Be5 Bb6 44. b4 Ba7 45. a4 Bf2 46. Bf4
Be1 47. Bb8 Bxb4 48. Ba7 Bd6 49. Bf2 Bc7 50. Be1 Bb6 51. Bd2 Bc5 52. Bc3 Bd6
53. Be1 Be5 54. Bf2 Bc7 55. Be1 Be5 1/2-1/2

[Event "Chess Festival Groningen 2019 A"]
[Site "Groningen , Netherlands"]
[Date "2019.12.21"]
[Round "1"]
[White "Van Roon, Sjoerd"]
[Black "Maris, Ivo"]
[Result "0-1"]
[WhiteElo "2080"]
[BlackElo "2413"]
[PlyCount "66"]
[EventDate "2019.12.??"]

1. e4 g6 2. d4 Bg7 3. Nf3 c6 4. Nc3 d5 5. e5 Bg4 6. h3 Bxf3 7. Qxf3 e6 8. g4
Nd7 9. Be3 Ne7 10. O-O-O c5 11. Qg3 cxd4 12. Bxd4 Nc6 13. f4 g5 14. Bb5 gxf4
15. Qxf4 a6 16. Bxc6 bxc6 17. Rde1 Qc7 18. Rhf1 Rf8 19. Qg5 Bh8 20. Re2 h6 21.
Qxh6 O-O-O 22. Rfe1 c5 23. Bg1 Bxe5 24. Nxd5 Qd6 25. Nb6+ Qxb6 26. Rxe5 Nxe5
27. Rxe5 Qd6 28. Re1 Qg3 29. Qe3 Qxe3+ 30. Rxe3 Rd5 31. Rc3 Rfd8 32. Rxc5+ Rxc5
33. Bxc5 Rh8 0-1

[Event "Chess Festival Groningen 2019 A"]
[Site "Groningen , Netherlands"]
[Date "2019.12.21"]
[Round "1"]
[White "Ypma, Jord"]
[Black "Gomes, Mary Ann"]
[Result "1-0"]
[WhiteElo "2070"]
[BlackElo "2324"]
[PlyCount "55"]
[EventDate "2019.12.??"]

1. d4 Nf6 2. c4 e6 3. Nc3 Bb4 4. Qc2 O-O 5. a3 Bxc3+ 6. Qxc3 b6 7. Bg5 Bb7 8.
e3 d6 9. Ne2 Nbd7 10. Qc2 Qe7 11. Nc3 h6 12. Bh4 c5 13. Rd1 Rfd8 14. d5 exd5
15. cxd5 a6 16. a4 Re8 17. Be2 Rac8 18. O-O Nf8 19. Bd3 Rc7 20. Qe2 Ra8 21. f4
Ng6 22. Bxg6 fxg6 23. e4 g5 24. fxg5 Nh7 25. Bg3 Nxg5 26. e5 b5 27. h4 b4 28.
exd6 1-0

[Event "Chess Festival Groningen 2019 A"]
[Site "Groningen , Netherlands"]
[Date "2019.12.21"]
[Round "1"]
[White "Zwirs, Nico"]
[Black "Kumar, Naman"]
[Result "1-0"]
[WhiteElo "2422"]
[BlackElo "2082"]
[PlyCount "81"]
[EventDate "2019.12.??"]

1. e4 e5 2. Nf3 Nc6 3. Bc4 Bc5 4. c3 Nf6 5. d3 O-O 6. O-O d5 7. exd5 Nxd5 8.
Re1 Bg4 9. h3 Bh5 10. Nbd2 Nb6 11. b4 Bd6 12. Bb3 a5 13. b5 Ne7 14. a4 Kh8 15.
Ne4 h6 16. Ng3 Bxf3 17. Qxf3 f5 18. Qh5 Qe8 19. Qxe8 Raxe8 20. Bd2 Ned5 21.
Rac1 Bc5 22. d4 exd4 23. Rxe8 Rxe8 24. cxd4 Bxd4 25. Nxf5 Re2 26. Be1 Bb2 27.
Rd1 Re5 28. Nh4 Kh7 29. Nf3 Rh5 30. Bxa5 Bf6 31. g4 Rxh3 32. Bxb6 Nf4 33. Bc2+
Kh8 34. Bxc7 Rxf3 35. Be4 Nh3+ 36. Kg2 Rc3 37. b6 Ng5 38. Bxb7 Ne6 39. a5 Bd4
40. a6 Rc2 41. Rxd4 1-0

[Event "Chess Festival Groningen 2019 A"]
[Site "Groningen , Netherlands"]
[Date "2019.12.22"]
[Round "2"]
[White "Albers, Sasa"]
[Black "Zwirs, Nico"]
[Result "0-1"]
[WhiteElo "1997"]
[BlackElo "2422"]
[PlyCount "88"]
[EventDate "2019.12.??"]

1. e4 c5 2. Nf3 d6 3. d4 cxd4 4. Nxd4 Nf6 5. Nc3 Nc6 6. Bg5 e6 7. Qd2 a6 8.
O-O-O Bd7 9. f4 b5 10. Bxf6 gxf6 11. Kb1 Qb6 12. Nf5 exf5 13. Nd5 Qd8 14. exf5
Bg7 15. Bd3 O-O 16. g4 Ne7 17. Nxe7+ Qxe7 18. Rhe1 Qd8 19. Be4 Ra7 20. g5 Bc8
21. Qg2 Kh8 22. Rg1 fxg5 23. fxg5 f6 24. g6 h6 25. Qg3 Re7 26. Rxd6 Qc7 27. Bd3
Rfe8 28. a3 Re3 29. Re6 Qxg3 30. Rxe8+ Rxe8 31. Rxg3 Bf8 32. Rg4 Re5 33. Rf4
Kg7 34. b4 Bb7 35. Rd4 Rd5 36. Re4 Rxf5 37. Re6 Re5 38. Rb6 Be4 39. Bxe4 Rxe4
40. Rxa6 f5 41. Rb6 Re5 42. c4 bxc4 43. Rc6 Re4 44. Rc8 f4 0-1

[Event "Chess Festival Groningen 2019 A"]
[Site "Groningen , Netherlands"]
[Date "2019.12.22"]
[Round "2"]
[White "Ananya Rishi Gupta"]
[Black "Krasenkova, Ilena"]
[Result "0-1"]
[WhiteElo "2037"]
[BlackElo "2174"]
[PlyCount "68"]
[EventDate "2019.12.??"]

1. e4 c6 2. d4 d5 3. exd5 cxd5 4. Bd3 Nc6 5. c3 Qc7 6. h3 g6 7. Nf3 Nf6 8. O-O
Bg7 9. Na3 a6 10. Re1 O-O 11. Bg5 Bf5 12. Bxf5 gxf5 13. Ne5 Nxe5 14. dxe5 Ne4
15. Bf4 e6 16. Qd4 b5 17. Rac1 Rac8 18. Qe3 Qc5 19. Nc2 Qxe3 20. Rxe3 Rc4 21.
Na3 Ra4 22. g3 Rc8 23. Ree1 Bf8 24. f3 Bxa3 25. bxa3 Nxc3 26. Bd2 Rxa3 27. Kf1
b4 28. Re3 Rc4 29. f4 d4 30. Rd3 Rxa2 31. Ke1 a5 32. g4 b3 33. Bxc3 Rxc3 34.
Rcxc3 dxc3 0-1

[Event "Chess Festival Groningen 2019 A"]
[Site "Groningen , Netherlands"]
[Date "2019.12.22"]
[Round "2"]
[White "Balje, Jan"]
[Black "Shakhverdian, William"]
[Result "1/2-1/2"]
[WhiteElo "2179"]
[BlackElo "2039"]
[PlyCount "91"]
[EventDate "2019.12.??"]

1. d4 Nf6 2. c4 e6 3. Nc3 d5 4. cxd5 exd5 5. Bg5 Be7 6. e3 O-O 7. Bd3 h6 8. Bh4
c6 9. Qc2 Re8 10. Nf3 Ne4 11. Bxe7 Qxe7 12. O-O Nd7 13. Rae1 Ndf6 14. Nd2 Nxd2
15. Qxd2 Ne4 16. Qc2 Nxc3 17. bxc3 Bd7 18. c4 dxc4 19. Bxc4 Be6 20. Rb1 Rab8
21. Rb3 b6 22. Rc3 Bd7 23. Rc1 Qg5 24. Bd3 Rbc8 25. Be4 c5 26. dxc5 Rxc5 27.
Rxc5 Qxc5 28. Qxc5 bxc5 29. Bd5 Rc8 30. Kf1 c4 31. Ke1 c3 32. Kd1 Ba4+ 33. Bb3
Bd7 34. f3 a5 35. Kc2 Rc5 36. Rd1 Bc6 37. e4 Kf8 38. Rd3 Rg5 39. g4 h5 40. Rxc3
a4 41. Rxc6 axb3+ 42. Kxb3 hxg4 43. fxg4 Rxg4 44. a4 Rxe4 45. a5 Ke7 46. a6
1/2-1/2

[Event "Chess Festival Groningen 2019 A"]
[Site "Groningen , Netherlands"]
[Date "2019.12.22"]
[Round "2"]
[White "Boersma, Jan"]
[Black "Bruil, Rembrandt"]
[Result "1/2-1/2"]
[WhiteElo "2069"]
[BlackElo "2206"]
[PlyCount "37"]
[EventDate "2019.12.??"]

1. e4 c5 2. Nc3 Nc6 3. Bb5 Nd4 4. Bc4 a6 5. Nf3 b5 6. Bd5 Rb8 7. Nxd4 cxd4 8.
Ne2 Nf6 9. Bb3 Nxe4 10. Nxd4 Bb7 11. d3 Nf6 12. Bf4 d6 13. Qe2 g6 14. O-O Qd7
15. a4 Nd5 16. Be5 dxe5 17. Qxe5 Rd8 18. Qxh8 Nf6 19. c3 1/2-1/2

[Event "Chess Festival Groningen 2019 A"]
[Site "Groningen , Netherlands"]
[Date "2019.12.22"]
[Round "2"]
[White "Gijsen, William"]
[Black "Sparenberg, Erik"]
[Result "1-0"]
[WhiteElo "1948"]
[BlackElo "2134"]
[PlyCount "93"]
[EventDate "2019.12.??"]

1. e4 e5 2. Nf3 Nc6 3. Bb5 a6 4. Ba4 Nf6 5. d3 d6 6. O-O g6 7. c3 Bg7 8. d4 b5
9. Bc2 O-O 10. Bg5 Bg4 11. dxe5 Nxe5 12. Nbd2 Qc8 13. h3 Nxf3+ 14. Nxf3 Bd7 15.
e5 dxe5 16. Nxe5 Be6 17. Nc6 Qe8 18. Bxf6 Qxc6 19. Bxg7 Kxg7 20. Qd4+ Kg8 21.
Be4 Qc4 22. Bxa8 Qxd4 23. cxd4 Rxa8 24. Rfc1 Rd8 25. Rxc7 Rxd4 26. Ra7 Ra4 27.
a3 b4 28. Rb7 b3 29. Re1 Rd4 30. Rxe6 fxe6 31. Rxb3 Rd1+ 32. Kh2 Kf7 33. Rb7+
Kf6 34. Kg3 h5 35. h4 Rd4 36. f3 Rd6 37. b4 Rd3 38. a4 Ra3 39. a5 Rb3 40. Kf4
Rb2 41. Rb6 Rxg2 42. Rxa6 Rh2 43. Kg3 Rb2 44. Rb6 g5 45. hxg5+ Kxg5 46. Rb5+
Kf6 47. a6 1-0

[Event "Chess Festival Groningen 2019 A"]
[Site "Groningen , Netherlands"]
[Date "2019.12.22"]
[Round "2"]
[White "Gomes, Mary Ann"]
[Black "Nicolai, Amir"]
[Result "1-0"]
[WhiteElo "2324"]
[BlackElo "2108"]
[PlyCount "117"]
[EventDate "2019.12.??"]

1. Nf3 d6 2. d4 f5 3. c4 Nf6 4. Nc3 g6 5. Qc2 Nc6 6. Bg5 Bg7 7. Rd1 O-O 8. e3
Qe8 9. Nd5 Nxd5 10. cxd5 Nb4 11. Qb3 a5 12. a3 Na6 13. h4 h6 14. Bf4 Kh8 15.
Be2 c6 16. Rc1 Qf7 17. Qb6 Nb8 18. dxc6 bxc6 19. Bc4 Qe8 20. Rd1 Qd8 21. Qxd8
Rxd8 22. Bf7 Kh7 23. Ng5+ Kh8 24. h5 gxh5 25. Ne6 Bxe6 26. Bxe6 Nd7 27. Rxh5
Nf6 28. Rxf5 Rdb8 29. Rd2 Rb6 30. f3 a4 31. g4 Nd5 32. Bxd5 cxd5 33. Rxd5 Rab8
34. Ra5 Rxb2 35. Rxb2 Rxb2 36. Rxa4 e5 37. dxe5 dxe5 38. Bg3 Ra2 39. Re4 Rxa3
40. Bxe5 Bxe5 41. Rxe5 Ra2 42. Re7 Kg8 43. Rd7 Rh2 44. Rd2 Rh1+ 45. Ke2 h5 46.
gxh5 Rxh5 47. Rd7 Ra5 48. f4 Kf8 49. Kf3 Ra4 50. f5 Rb4 51. e4 Ra4 52. Kf4 Ra1
53. f6 Ke8 54. Rb7 Rf1+ 55. Ke5 Rc1 56. Kf5 Ra1 57. e5 Kf8 58. Rb8+ Kf7 59. e6#
1-0

[Event "Chess Festival Groningen 2019 A"]
[Site "Groningen , Netherlands"]
[Date "2019.12.22"]
[Round "2"]
[White "Grutter, Tim"]
[Black "Van Roon, Sjoerd"]
[Result "1-0"]
[WhiteElo "2214"]
[BlackElo "2080"]
[PlyCount "71"]
[EventDate "2019.12.??"]

1. c4 Nf6 2. Nc3 g6 3. d4 Bg7 4. e4 d6 5. f3 O-O 6. Be3 e5 7. Nge2 Nc6 8. d5
Ne7 9. Qd2 Ne8 10. g4 c6 11. O-O-O cxd5 12. cxd5 f5 13. gxf5 gxf5 14. h4 f4 15.
Bf2 Bd7 16. Kb1 b5 17. Nc1 b4 18. N3e2 a5 19. h5 Nc7 20. Bh3 Bf6 21. Rdg1+ Kh8
22. Bxd7 Qxd7 23. Nd3 Nb5 24. Qe1 b3 25. Bh4 bxa2+ 26. Ka1 Rae8 27. Bxf6+ Rxf6
28. Qh4 Rf7 29. Qg5 Na3 30. bxa3 Qb5 31. Rd1 Qb3 32. Qh6 Rb8 33. Qe6 Qxa3 34.
Rd2 Rg7 35. h6 Rg6 36. Qxe7 1-0